000 01302cab a22002055a 4500
001 L143154
008 080411s2008 xxk f 000 0 eng d
035 _a(Sirsi) u143154
041 0 _aeng
100 1 _aFowler, Stephen
245 0 0 _aDisability discrimination
260 _c2008
490 _aLetting Update Journal
_v16(1) April 2008, 30-31(2)
520 _aDiscusses obstacles to landlords seeking possession of a property. Makes particular reference to the Disability Discrimination Act 1995 (DDA). Reports on the case of Lewisham v Malcolm (L143153). This considered the case of a council tenant who had lost his protected tenancy status through subletting, which was against the terms of his tenancy. His defence rested upon his diagnosis of schizophrenia, which caused him to make irrational decisions. His appeal against possession proceedings was successful but his protected tenancy was not restored. Warns that possession proceedings can fall foul of the DDA even where tenancy conditions have been breached.
590 _aKA
651 4 _aEngland and Wales
_y1543-
690 _aMANAGEMENT-BUSINESS MANAGEMENT-DISCRIMINATION-DISABILITY DISCRIMINATION
690 _aPROPERTY-RESIDENTIAL PROPERTY-RESIDENTIAL LANDLORD AND TENANT-RESIDENTIAL TENANCIES-ASSURED TENANCIES
942 _n0
999 _c80074
_d80074